Cold War World Leaders Quiz Stats

 Plays Quiz not verified by Sporcle

Score 0/111 Timer 20:00
0 Plays Today
Hint Answer % Correct
American PresidentsJohn F. Kennedy
92.4%
American PresidentsDwight D. Eisenhower
92%
American PresidentsRonald Reagan
90.8%
American PresidentsGeorge H. W. Bush
90.8%
American PresidentsHarry S. Truman
89.6%
American PresidentsRichard Nixon
89.2%
Soviet Union LeadersJoseph Stalin
88.8%
American PresidentsLyndon B. Johnson
88.4%
British Prime MinistersWinston Churchill
87.6%
British Prime MinistersMargaret Thatcher
86.5%
American PresidentsGerald Ford
86.5%
American PresidentsJimmy Carter
86.1%
Soviet Union LeadersMikhail Gorbachev
84.9%
Soviet Union LeadersLeonid Brezhnev
73.3%
Soviet Union LeadersNikita Khrushchev
72.1%
French PresidentsCharles de Gaulle
65.7%
Soviet Union LeadersYuri Andropov
65.3%
North Korean LeadersKim Il-sung
64.9%
Indian Prime MinistersIndira Gandhi
64.5%
Indian Prime MinistersIndira Gandhi
64.5%
Indian Prime MinistersRajiv Gandhi
64.5%
British Prime MinistersClement Attlee
64.1%
British Prime MinistersJohn Major
62.9%
Egyptian PresidentsGamal Abdel Nasser
57%
Israeli Prime MinistersGolda Meir
52.6%
Zimbabwean PresidentsRobert Mugabe
52.2%
British Prime MinistersHarold Wilson
49.4%
British Prime MinistersHarold Wilson
49.4%
Soviet Union LeadersKonstantin Chernenko
49.4%
(West) German ChancellorsHelmut Kohl
49.4%
Egyptian PresidentsHosni Mubarak
48.6%
British Prime MinistersAnthony Eden
48.2%
Egyptian PresidentsAnwar Sadat
47.8%
(West) German ChancellorsWilly Brandt
47%
Indian Prime MinistersJawaharlal Nehru
45.4%
British Prime MinistersHarold Macmillan
45%
French PresidentsFrançois Mitterrand
44.2%
Hint Answer % Correct
Canadian Prime MinistersPierre Trudeau
43%
Canadian Prime MinistersPierre Trudeau
43%
Israeli Prime MinistersDavid Ben-Gurion
41.8%
Israeli Prime MinistersDavid Ben-Gurion
41.8%
South African PresidentsFrederik Willem de Klerk
40.2%
British Prime MinistersEdward Heath
39.8%
(West) German ChancellorsKonrad Adenauer
39.8%
Israeli Prime MinistersYitzhak Rabin
36.7%
Soviet Union LeadersGeorgy Malenkov
34.7%
British Prime MinistersJames Callaghan
34.3%
British Prime MinistersAlec Douglas-Home
33.1%
(West) German ChancellorsHelmut Schmidt
32.3%
Israeli Prime MinistersMenachem Begin
29.5%
French PresidentsGeorges Pompidou
29.5%
Israeli Prime MinistersShimon Peres
27.1%
South African PresidentsPieter Willem Botha
26.3%
Saudi Arabian KingsSaud
26.3%
French PresidentsValéry Giscard d'Estaing
24.7%
Irish TaoiseachsÉamon de Valera
24.3%
Irish TaoiseachsÉamon de Valera
24.3%
Irish TaoiseachsÉamon de Valera
24.3%
Indian Prime MinistersCharan Singh
23.9%
Indian Prime MinistersVishwanath Pratap Singh
23.9%
Canadian Prime MinistersWilliam Lyon Mackenzie King
21.9%
Saudi Arabian KingsFaisal
21.1%
Australian Prime MinistersBob Hawke
19.5%
Canadian Prime MinistersBrian Mulroney
18.3%
Saudi Arabian KingsIbn Saud
17.9%
Australian Prime MinistersRobert Menzies
17.5%
Saudi Arabian KingsFahd
17.1%
Australian Prime MinistersPaul Keating
15.9%
Israeli Prime MinistersYitzhak Shamir
15.5%
Israeli Prime MinistersYitzhak Shamir
15.5%
Australian Prime MinistersHarold Holt
15.1%
Canadian Prime MinistersLester B. Pearson
15.1%
Australian Prime MinistersGough Whitlam
13.1%
Canadian Prime MinistersJohn Diefenbaker
13.1%
Hint Answer % Correct
(West) German ChancellorsKurt Georg Kiesinger
13.1%
Australian Prime MinistersMalcolm Fraser
12%
(West) German ChancellorsLudwig Erhard
12%
Canadian Prime MinistersLouis St. Laurent
10.8%
Irish TaoiseachsGarret FitzGerald
10.4%
Irish TaoiseachsGarret FitzGerald
10.4%
Canadian Prime MinistersJoe Clarke
10%
Zimbabwean PresidentsCanaan Banana
10%
Israeli Prime MinistersLevi Eshkol
9.6%
Canadian Prime MinistersJohn Turner
9.6%
French PresidentsVincent Auriol
9.6%
Irish TaoiseachsJack Lynch
9.2%
Irish TaoiseachsJack Lynch
9.2%
French PresidentsRené Coty
9.2%
Indian Prime MinistersPamulaparti Venkata Narasimha Rao
8.8%
Irish TaoiseachsJohn A. Costello
8.4%
Irish TaoiseachsJohn A. Costello
8.4%
Irish TaoiseachsCharles Haughey
8%
Irish TaoiseachsCharles Haughey
8%
Irish TaoiseachsCharles Haughey
8%
Australian Prime MinistersWilliam McMahon
8%
South African PresidentsBalthazar Johannes Vorster
8%
Australian Prime MinistersJohn Gorton
7.6%
Israeli Prime MinistersMoshe Sharett
7.2%
Egyptian PresidentsMuhammad Naguib
7.2%
Saudi Arabian KingsKhalid
7.2%
Australian Prime MinistersBen Chifley
6.4%
Indian Prime MinistersMorarji Desai
6.4%
South African PresidentsMarais Viljoen
6.4%
Irish TaoiseachsLiam Cosgrave
6%
Australian Prime MinistersJohn McEwen
6%
Indian Prime MinistersLal Bahadur Shastri
6%
Indian Prime MinistersChandra Shekhar
5.6%
Irish TaoiseachsSeán Lemass
5.2%
South African PresidentsNicolaas Johannes Diederichs
4.4%
South African PresidentsCharles Robberts Swart
4%
South African PresidentsJacobus Johannes Fouché
0.8%

You're not logged in!

Compare scores with friends on all Sporcle quizzes.
OR
Log In

Show Comments

Extras

Top Quizzes Today


Score Distribution

Your Account Isn't Verified!

In order to create a playlist on Sporcle, you need to verify the email address you used during registration. Go to your Sporcle Settings to finish the process.

Report this User

Report this user for behavior that violates our Community Guidelines.

Details: